| 000 | 00797nam a2200241Ia 4500 | ||
|---|---|---|---|
| 003 | OSt | ||
| 005 | 20251104103956.0 | ||
| 008 | 220930b |||||||| |||| 00| 0 eng d | ||
| 020 | _a0415308828 | ||
| 037 | _cReference Collections | ||
| 040 |
_aAL _cAL _beng |
||
| 041 |
_2eng _aeng |
||
| 084 |
_aRvN9 N3.10 _bAL |
||
| 245 | 0 | _aPhilosophy of meaning, knowledge and value in the twentieth century | |
| 260 |
_aLondon, U K: _bRoutledge, _c1997. |
||
| 300 |
_a466p. _ccm. |
||
| 365 |
_b55.00 _cPD |
||
| 490 | _vVol 10 | ||
| 500 | _aRoutledge History of Philosophy, 10. | ||
| 650 |
_aPHILOSOPHY _9850027 |
||
| 942 |
_hRvN9, N3.10 _cref _2CC _n0 |
||
| 999 |
_c906553 _d906553 |
||